00741 2200277 4500001002100000005001500021035002000036007000300056008004100059020002200100082001400122084002000136100003300156245004000189250001000229300002100239700002700260264004500287336002100332337003000353338001800383650002000401990001300421990001600434990001300450INLIS00000000000167220250805102351 a0010-1023000189ta250805 f ind  a978-602-06-3186-8 a899.221 3 a899.221 3 LUC d0 aLucia PriandariniePengarang1 aDua Garis Biru /cLucia Priandarini aCet.1 a208 hlm ;c20 cm0 aGina s.NoerePengarang ajakarta :bgramedia pustaka utama,c2019 2rdacontentateks 2rdamediaaTanpa Perantara 2rdacarriera- 4aFiksi Indonesia a24000047 a00000008700 a25000552